000
00304nam a2200121Ia 4500
008
220204s9999 xx 000 0 und d
082
_a
616-053.2
_b
RAD
100
_a
Radheendran, R
245
0
_a
Balachikilsa
260
_a
Trivandrum
_b
State Inst of Languages
_c
1973
650
_a
Paediatrics
942
_c
BK
999
_c
22848
_d
22848